Films A24 en français - Statistiques

Statistiques générales
  • Ce quiz a été pris 32 fois
    3 depuis la dernière actualisation
  • Le résultat moyen est 7 sur 184
Statistiques - réponses
Hint Réponse % Correct
2023 Beau is Afraid
67%
2018 Hérédité
67%
2024 MaXXXine
67%
2022 Pearl
67%
2022 X
67%
2022 Aftersun
33%
2026 Backrooms
33%
2024 Civil War
33%
2023 La Main
33%
2025 Marty Supreme
33%
2019 Midsommar
33%
2017 Mise à mort du Cerf Sacré
33%
2016 Moonlight
33%
2013 The Bling Ring
33%
2016 The Lobster
33%
2019 Waves
33%
2016 20th Century Women
0%
2018 90's
0%
2017 À ceux qui nous ont offensés
0%
2024 A Different Man
0%
2022 After Yang
0%
2017 A Ghost Story
0%
2023 All Dirt Roads Taste Of Salt
0%
2016 American Honey
0%
2014 A Most Violent Year
0%
2015 Amy
0%
2024 Babygirl
0%
2016 Beyond Lies
0%
2022 Bodies Bodies Bodies
0%
2020 Boys State
0%
2014 Captives
0%
2022 Causeway
0%
2018 Chaudes Nuits d'été
0%
2019 Climax
0%
2023 Close
0%
2021 C’mon C’mon
0%
2019 Crime de Guerre
0%
2015 Cut Bank
0%
2013 Dans la Tête de Charles Swan III
0%
2015 Dark Places
0%
2016 De Palma
0%
2018 Dernière Année
0%
2022 Des Étoiles à midi
0%
2023 Dicks : The Musical
0%
2023 Dream Scenario
0%
2023 Earth Mama
0%
2025 Eddington
0%
2013 Enemy
0%
2016 Equals
0%
2022 Everything Everywhere All At Once
0%
2015 Ex Machine
0%
2021 False Positive
0%
2017 February
0%
2017 Free Fire
0%
2025 Friendship
0%
2020 Frist Cow
0%
2022 Funny Pages
0%
2013 Ginger & Rosa
0%
2014 Girls Only
0%
2019 Gloria Bell
0%
2022 God's Creatures
0%
2017 Good Time
0%
2016 Green Room
0%
2024 Heretic
0%
2025 Highest 2 Lowest
0%
2019 High Life
0%
2018 How To Talk To Girls At Parties
0%
2025 If I Had Legs I'd Kick You
0%
2019 In Fabric
0%
2016 Into The Forest
0%
2024 I Saw The TV Glow
0%
2017 It Comes At Night
0%
2024 Janet Planet
0%
2016 Krisha
0%
2017 La Ballade de Lefty Brown
0%
2019 L'Adieu
0%
2017 Lady Bird
0%
2025 La Légende d'Ochi
0%
2021 Lamb
0%
2025 La mort d'une licorne
0%
2024 L'Amour au présent
0%
2014 La Revanche des dragons verts
0%
2018 La Route Sauvage
0%
2023 La Zone d'Intérêt
0%
2019 L'Enfant Unique
0%
2014 Life After Beth
0%
2014 Locke
0%
2019 Low Tide
0%
2026 L'Ultime Héritier
0%
2021 Macbeth
0%
2022 Marcel the Shell With Shoes On
0%
2025 Materialists
0%
2023 Medusa Deluxe
0%
2022 Men
0%
2017 Menashe
0%
2021 Minari
0%
2016 Mojave
0%
2026 Mother Mary
0%
2018 My Lady
0%
2019 Native Son
0%
2018 Never Goin' Back
0%
2025 Ne Zha II
0%
2016 Nos Souvenirs
0%
2014 Obvious Child
0%
2025 On Becoming a Guinea Fowl
0%
2026 On l’appelait Robin des Bois
0%
2020 On The Rocks
0%
2025 Opus
0%
2019 Outlaws
0%
2025 Parthenope
0%
2023 Past Lives
0%
2023 Pi
0%
2026 Pillion
0%
2025 Pour l'éternité
0%
2023 Priscilla
0%
2024 Problemista
0%
2024 Queer
0%
2021 Red Rocket
0%
2016 Remember
0%
2015 Room
0%
2021 Saint Maud
0%
2015 Secret Agency
0%
2019 Share
0%
2023 Sharper
0%
2023 Showing Up
0%
2018 Sidney Hall
0%
2024 Sing Sing
0%
2019 Skin
0%
2018 Slice
0%
2015 Slow West
0%
2015 Son Of A Gun
0%
2025 Sorry, Baby
0%
2013 Spring Breakers
0%
2023 Stop Making Sense
0%
2025 Substitution: Bring Her Back
0%
2016 Supersonic
0%
2018 Sur le chemin de la rédemption
0%
2016 Swiss Army Man
0%
2024 The Brutalist
0%
2019 The Death of Dick Long
0%
2017 The Disaster Artist
0%
2026 The Drama
0%
2015 The End of the Tour
0%
2022 The Eternal Daughter
0%
2017 The Florida Project
0%
2024 The Front Room
0%
2021 The Green Knight
0%
2021 The Humans
0%
2022 The Inspection
0%
2026 The Invite
0%
2023 The Iron Claw
0%
2019 The Last Black Man in San Francisco
0%
2018 The Last Movie Star
0%
2019 The Lighthouse
0%
2017 The Lovers
0%
2026 The Moment
0%
2016 The Monster
0%
2014 The Rover
0%
2022 The Sky Is Everywhere
0%
2025 The Smashing Machine
0%
2019 The Souvenir
0%
2021 The Souvenir 2
0%
2013 The Spectacular Now
0%
2022 The Whale
0%
2016 The Witch
0%
2018 Trahison d'État
0%
2017 Trahisons
0%
2024 Tuesday
0%
2014 Tusk
0%
2019 Uncut Gems
0%
2015 Under Pressure
0%
2019 Under the Silver Lake
0%
2014 Under the Skin
0%
2026 Undertone
0%
2018 Une prière avant l'aube
0%
2021 Val
0%
2025 Warfare
0%
2023 When You Finish Saving The World
0%
2015 While We're Young
0%
2018 Woman Walks Ahead
0%
2017 Woodshock
0%
2024 Y2K
0%
2023 You Hurt My Feelings
0%
2021 Zola
0%
Aucun quiz correspondant
Distribution des résultats
% des personnes avec chaque résultat
Percentile par nombre de réponses
Votre historique - résultats
Vous n’avez pas pris ce quiz depuis la dernière actualisation